|
|
|
|
| LEADER |
00000nam a2200000 a 4500 |
| 001 |
vtls001367196 |
| 003 |
SK-MaSNL |
| 005 |
20260301070814.0 |
| 008 |
240315s1985 BG 0 bul |
| 035 |
|
|
|a SNK000320884
|
| 040 |
|
|
|a SNK
|b slo
|c SNK
|e AACR2
|
| 041 |
0 |
|
|a bul
|
| 044 |
|
|
|a BG
|
| 080 |
|
|
|a 308(100-664)
|2 1981
|
| 100 |
1 |
|
|a Michajlov, Stojan
|4 aut
|9 387611
|
| 245 |
1 |
|
|a Optimalno funkcionirane na socialnato upravlenie
|c Stojan Michajov
|
| 260 |
|
|
|a Sofija
|b Partizdat
|c 1987
|
| 300 |
|
|
|a 210 s.
|c 8°
|
| 958 |
|
|
|a RK
|
| 958 |
|
|
|a OND
|
| 999 |
|
|
|c 635549
|d 637479
|
| 952 |
|
|
|t P60, <04>, [BOOK], {604}
|a SNK
|b SNK
|y VYP
|7 0
|o snkID 86370
|i snkV 3046/87
|0 0
|1 0
|4 0
|d 1999-07-02
|l 0
|r 2005-01-02 00:00:00
|w 2026-02-23
|